Canada 2002 maintaining leadership through innovation

Saved in:
Bibliographic Details
Format: Book
Language:English
Published: Paris OECD 2002
Series:OECD reviews of regulatory reform
Subjects:
Tags: Add Tag
No Tags, Be the first to tag this record!

MARC

LEADER 00000nam a2200000 4500
001 c141781
005 20221124091825.1
020 |a 92-64-19908-X 
041 0 |a eng 
044 |a FR 
245 1 0 |a Canada 2002  |b maintaining leadership through innovation 
264 1 |a Paris  |b OECD  |c 2002 
300 |a 132 s. 
490 1 |a OECD reviews of regulatory reform 
830 0 |a OECD reviews of regulatory reform 
610 2 0 |a inovácia 
610 2 0 |a reformy hospodárske 
610 2 0 |a regulácia hospodárska 
610 2 0 |a politika hospodárska 
610 2 0 |a riadenie hospodárske 
610 2 0 |a trh 
610 2 0 |a makroekonomika 
610 2 0 |a telekomunikácie 
610 2 0 |a Kanada